| 000 | 01260nam0a22002771 4500 | ||
|---|---|---|---|
| 001 | rc\122060 | ||
| 005 | 20021216135625.8 | ||
| 010 |
_a5-02-031204-5 _9270 |
||
| 035 | _a(NLR Aleph) 005379204 | ||
| 090 |
_a7082456 _c7082456 |
||
| 100 | _a20021216d1996 u |0rusy50 ca | ||
| 101 | 0 | _arus | |
| 102 | _aRU | ||
| 105 | _aa ||||||||| | ||
| 200 | 1 |
_aМатематическое моделирование теплообменных процессов в многолетнемерзлых горных породах _fВ.И. Слепцов, С.Д. Мордовский, В.Ю. Изаксон _gОтв. ред. М.Д. Новопашин _gРос. акад. наук. Сиб. отд-ние. Ин-т горного дела Севера |
|
| 210 |
_aНовосибирск _cНаука. Сиб. изд. фирма _d1996 |
||
| 215 |
_a97, [3] с. _cил. _d21 |
||
| 320 | _aБиблиогр.: с. 95-98 (79 назв.) | ||
| 700 | 1 |
_aСлепцов _bВ. И. _gВасилий Иннокентьевич |
|
| 701 | 1 |
_aМордовский _bС. Д. _gСергей Денисович |
|
| 701 | 1 |
_aИзаксон _bВ. Ю. _gВсеволод Юльевич |
|
| 801 | 0 |
_aRU _bNLR _gpsbo |
|
| 801 | 1 |
_aRU _bELAR _2rusmarc |
|
| 852 |
_aNLR _j97-6/781 |
||
| 942 | _cBOOK | ||
| 980 | _aNB | ||